Caminando por la senda del futuro: rganización campesina en Centroamérica /

Uloženo v:
Podrobná bibliografie
Hlavní autor: Román, Isabel
Médium: Text
Tagy: Přidat tag
Žádné tagy, Buďte první, kdo vytvoří štítek k tomuto záznamu!

MARC

LEADER 00000 a a2200000 04500
001 1228
003
040
100 |a Román, Isabel  
245 |a Caminando por la senda del futuro:   |b rganización campesina en Centroamérica /  |c Isabel Román 
773 |g número 102; páginas 29-30  
999 |c 26016  |d 26016